000 00276nam a22001337a 4500
008 170208b xxu||||| |||| 00| 0 eng d
020 _a9780803613478
041 _aeng
080 _a61
100 _a4
101 _aSHM
245 _aECG NOTES
_cJONES, SH.A
942 _2udc
_cBK
999 _c4961
_d4961